000 00440nam a2200157Ia 4500
008 221030s9999 xx 000 0 und d
020 _a8185623082
041 _aEnglish
082 _a105.23
_bBas
100 _aS. K. Basandra
245 0 _aComputer Science Question Bank Objective type
_bQuestion Bank Objective Type
_cby S. K. Basandra
260 _bGalgotia Pub
_aNew Delhi
_c1999
300 _a953
650 _aBE Computer
942 _cBK
999 _c8537
_d8537